Normal view
MARC view
- ELECTRICAL ENGINEERING MATERIAL AND DEVICES
Entry Topical Term
001 - CONTROL NUMBER
- control field: 58452
003 - CONTROL NUMBER IDENTIFIER
- control field: NUST
005 - DATE AND TIME OF LATEST TRANSACTION
- control field: 20210628202139.0
008 - FIXED-LENGTH DATA ELEMENTS
- fixed length control field: 210628|| aca||aabn | a|a d
040 ## - CATALOGING SOURCE
- Original cataloging agency: NUST
- Transcribing agency: NUST
150 ## - HEADING--TOPICAL TERM
- Topical term or geographic name entry element: ELECTRICAL ENGINEERING MATERIAL AND DEVICES
670 ## - SOURCE DATA FOUND
- Source citation: Work cat.: (NUST): Kasap.S.O 58451, Principles of electrical engineering material and devices, 2000
